000 00549nam a22001937a 4500
999 _c253714
_d253713
003 OSt
005 20221110120614.0
008 160513b xxu||||| |||| 00| 0 eng d
010 _a95012150
020 _a0-201-59338-6
040 _cDLC
_aDLC
_bEng
_erda
050 _aQA303
_b.B645 1996
100 _aBittinger Marvin L.
245 _aCalculus
_cMarvin L. Bittinger.
250 _a6th Edn.
260 _aReading, Mass. :
_bAddison-Wesley Pub. Co.,
_c c1996.
300 _axxvi, 582, 34, 7 p. :
_bill. (some col.) ;
_c 24 cm.
942 _2lcc
_cBK